| 000 | 00350nam a2200133Ia 4500 | ||
|---|---|---|---|
| 008 | 240624s9999 xx 000 0 und d | ||
| 041 | _aeng | ||
| 082 | _a306.01 GRE | ||
| 100 | _aGREENWOOD ROYSTON | ||
| 245 | _aSAGE HANDBOOK OF ORGANIZATIONAL INSTITUT | ||
| 260 |
_c2013 _aLondon _bSage |
||
| 300 | _axviii, : 822 : p. : cm. ; 24 | ||
| 365 |
_cGBP _b38 |
||
| 999 |
_c27476 _d27476 |
||